[Event "BL 1516 USV TU Dresden - Werder Bremen"]
[Site "?"]
[Date "2015.11.01"]
[Round "2.8"]
[White "Moehn, Hans"]
[Black "Fish, Gennadij"]
[Result "1/2-1/2"]
[WhiteElo "2383"]
[BlackElo "2460"]
[PlyCount "61"]
[EventDate "2015.??.??"]

1. d4 d5 2. c4 e6 3. Nf3 c5 4. cxd5 exd5 5. g3 Nc6 6. Bg2 Nf6 7. O-O Be7 8. Nc3
Be6 9. dxc5 Bxc5 10. Bg5 O-O 11. Bxf6 Qxf6 12. Nxd5 Qxb2 13. Nc7 Rad8 14. Qc1
Qxc1 15. Raxc1 Bb6 16. Nxe6 fxe6 17. Rc4 h6 18. e3 Rf6 19. h4 Rd5 20. g4 g5 21.
hxg5 hxg5 22. a4 Kg7 23. Rb1 Rf7 24. Re4 Kf6 25. Bf1 Ne5 26. Nxe5 Rxe5 27. Rxe5
Kxe5 28. Rb5+ Kf6 29. Bg2 Rc7 30. Bf3 Rc4 31. a5 1/2-1/2

[Event "BL 1516 Hamburger SK - OSG Baden Baden"]
[Site "?"]
[Date "2015.12.12"]
[Round "3.2"]
[White "Miton, Kamil"]
[Black "Svidler, Peter"]
[Result "1/2-1/2"]
[WhiteElo "2608"]
[BlackElo "2751"]
[PlyCount "48"]
[EventDate "2015.??.??"]

1. e4 c5 2. Nf3 e6 3. d4 cxd4 4. Nxd4 Nc6 5. Nc3 Qc7 6. g3 a6 7. Bg2 d6 8. O-O
Bd7 9. Nce2 Nxd4 10. Nxd4 Rc8 11. b3 b5 12. c4 bxc4 13. bxc4 Nf6 14. Ba3 Be7
15. Qd2 Ng4 16. Nf3 Ba4 17. h3 Nf6 18. e5 Ne4 19. Qe3 Nc5 20. exd6 Bxd6 21. Bb2
O-O 22. Bxg7 Kxg7 23. Qg5+ Kh8 24. Qf6+ Kg8 1/2-1/2

[Event "BL 1516 Hamburger SK - OSG Baden Baden"]
[Site "?"]
[Date "2015.12.12"]
[Round "3.3"]
[White "Shirov, Alexei"]
[Black "Svane, Rasmus"]
[Result "0-1"]
[WhiteElo "2676"]
[BlackElo "2529"]
[PlyCount "66"]
[EventDate "2015.??.??"]

1. e4 e6 2. d4 d5 3. e5 c5 4. c3 Nc6 5. Nf3 Bd7 6. Be2 Nge7 7. O-O Rc8 8. Na3
cxd4 9. cxd4 Qb6 10. Nc2 Nb4 11. Ne3 Nf5 12. Nxf5 exf5 13. Qb3 Be7 14. Bg5 Nc2
15. Qxb6 axb6 16. Bxe7 Kxe7 17. Rac1 Rc7 18. a3 Rhc8 19. Rcd1 b5 20. h4 b4 21.
Ng5 f4 22. Nxh7 bxa3 23. bxa3 Nxa3 24. Ng5 Rc3 25. Bh5 Be6 26. g3 b5 27. gxf4
b4 28. f5 Bxf5 29. Bxf7 b3 30. Ra1 b2 31. Ra2 Rb3 32. Rxb2 Rxb2 33. Bxd5 Rd8
0-1

[Event "BL 1516 Hamburger SK - OSG Baden Baden"]
[Site "?"]
[Date "2015.12.12"]
[Round "3.4"]
[White "Ftacnik, Lubomir"]
[Black "Bacrot, Etienne"]
[Result "0-1"]
[WhiteElo "2558"]
[BlackElo "2692"]
[PlyCount "84"]
[EventDate "2015.??.??"]

1. Nf3 Nf6 2. c4 g6 3. Nc3 Bg7 4. e4 d6 5. d4 O-O 6. Be2 e5 7. O-O Nc6 8. d5
Ne7 9. Ne1 Nd7 10. f3 f5 11. g4 Nf6 12. Nd3 c6 13. Be3 Kh8 14. a4 b6 15. Kh1
Bb7 16. Nf2 Rc8 17. Rc1 Ba8 18. Rc2 a6 19. b3 b5 20. axb5 axb5 21. dxc6 bxc4
22. Bxc4 Rxc6 23. Ra2 Rc8 24. gxf5 gxf5 25. Ra6 d5 26. exd5 Nexd5 27. Nxd5 Nxd5
28. Rxa8 Nxe3 29. Qxd8 Rcxd8 30. Rxd8 Rxd8 31. Re1 Bh6 32. Nh3 Kg7 33. Ng1 Rd2
34. Ne2 Kf6 35. Ng3 Bf4 36. Rg1 Bxg3 37. hxg3 Rf2 38. Ra1 Rxf3 39. Ra7 Rxg3 40.
Rxh7 Nxc4 41. bxc4 Rc3 42. Rc7 e4 0-1

[Event "BL 1516 Hamburger SK - OSG Baden Baden"]
[Site "?"]
[Date "2015.12.12"]
[Round "3.5"]
[White "Naiditsch, Arkadij"]
[Black "Lampert, Jonas"]
[Result "1/2-1/2"]
[WhiteElo "2698"]
[BlackElo "2463"]
[PlyCount "120"]
[EventDate "2015.??.??"]

1. c4 e5 2. d3 Nf6 3. Nf3 Nc6 4. g3 g6 5. Bg2 Bg7 6. O-O O-O 7. Nc3 d6 8. Rb1
Nd4 9. Nxd4 exd4 10. Nb5 Nd7 11. e3 dxe3 12. Bxe3 a6 13. Na7 Rxa7 14. Bxa7 c5
15. b4 Qc7 16. Qf3 Ne5 17. Qd5 b5 18. cxb5 Qxa7 19. Qxd6 axb5 20. bxc5 Bf5 21.
Rbd1 Bxd3 22. Rxd3 Nxd3 23. Qxd3 Qxc5 24. Qd7 b4 25. Bd5 Bd4 26. Bb3 Kg7 27.
Kg2 Qa7 28. Qxa7 Bxa7 29. Rd1 Bc5 30. Rd7 h5 31. f4 Kf6 32. h3 Be7 33. Ra7 Re8
34. Ba4 Rc8 35. Bb3 Re8 36. g4 hxg4 37. hxg4 Kg7 38. Kf3 Kf8 39. f5 gxf5 40.
gxf5 Kg7 41. Kg4 Kf6 42. Ra6+ Kg7 43. Kf4 Bf6 44. Rb6 Bc3 45. Rb7 Rf8 46. Rc7
Bf6 47. Rd7 Bc3 48. Rd3 Rc8 49. Rd7 Rf8 50. Bc4 Bf6 51. Rb7 Bc3 52. Bd5 Bd2+
53. Ke4 Kf6 54. Rb6+ Kg5 55. Rb5 Bc3 56. Kd3 Be1 57. Bc4 Rd8+ 58. Ke2 Re8+ 59.
Kf3 Bc3 60. Bxf7 Re5 1/2-1/2

[Event "BL 1516 Hamburger SK - OSG Baden Baden"]
[Site "?"]
[Date "2015.12.12"]
[Round "3.6"]
[White "Rogozenco, Dorian"]
[Black "Nisipeanu, Liviu-Dieter"]
[Result "0-1"]
[WhiteElo "2514"]
[BlackElo "2675"]
[PlyCount "52"]
[EventDate "2015.??.??"]

1. d4 Nf6 2. c4 e6 3. Nf3 Bb4+ 4. Nbd2 d5 5. Qa4+ Nc6 6. a3 Bxd2+ 7. Bxd2 Ne4
8. Rd1 O-O 9. e3 Bd7 10. Qc2 Be8 11. Bd3 f5 12. cxd5 exd5 13. Ne5 Nxe5 14. dxe5
Bh5 15. Rc1 Qg5 16. Kf1 Nxd2+ 17. Qxd2 f4 18. exf4 Rxf4 19. g3 Rxf2+ 20. Qxf2
Rf8 21. Bxh7+ Kxh7 22. Qxf8 Qxc1+ 23. Kg2 Qc2+ 24. Kh3 Qe4 25. Rg1 Bg4+ 26. Kh4
Qg6 0-1

[Event "BL 1516 Hamburger SK - OSG Baden Baden"]
[Site "?"]
[Date "2015.12.12"]
[Round "3.8"]
[White "Heinemann, Thies"]
[Black "Schlosser, Philipp"]
[Result "1/2-1/2"]
[WhiteElo "2459"]
[BlackElo "2575"]
[PlyCount "99"]
[EventDate "2015.??.??"]

1. e4 c5 2. Nf3 Nc6 3. Bb5 Nf6 4. Bxc6 dxc6 5. d3 Qc7 6. Nc3 e5 7. Be3 Be7 8.
h3 Nd7 9. O-O Nf8 10. Ne2 Ne6 11. Ne1 O-O 12. f4 exf4 13. Nxf4 f5 14. Qd2 Nxf4
15. Bxf4 Qb6 16. c4 fxe4 17. dxe4 Be6 18. b3 Qd8 19. Nf3 Qxd2 20. Bxd2 h6 21.
Rac1 Rad8 22. Be3 Rfe8 23. Rfd1 Bf8 24. Rxd8 Rxd8 25. Kf2 Kf7 26. Ke2 Ke8 27.
Ne5 Bd6 28. Nd3 b6 29. Rf1 Bg8 30. Bf4 Bh7 31. Ke3 Be7 32. Nf2 Rd4 33. Rd1 Kf7
34. Rd3 Ke6 35. Ke2 b5 36. cxb5 cxb5 37. Rxd4 cxd4 38. Kd3 Bc5 39. Ng4 a5 40.
Nh2 a4 41. Nf3 axb3 42. axb3 Bg8 43. Be5 Bf8 44. Bxd4 Kd7 45. Kc3 Bh7 46. Nd2
g5 47. g4 Bg6 48. Kd3 Bf7 49. Bc3 Bd6 50. Bg7 1/2-1/2

[Event "BL 1516 SK Norderstedt - Bayern Münche"]
[Site "?"]
[Date "2015.12.12"]
[Round "3.1"]
[White "Bezold, Michael"]
[Black "Olszewski, Michal"]
[Result "1/2-1/2"]
[WhiteElo "2509"]
[BlackElo "2542"]
[PlyCount "32"]
[EventDate "2015.??.??"]

1. Nf3 Nf6 2. g3 g6 3. b3 Bg7 4. Bb2 d6 5. d4 c5 6. Bg2 cxd4 7. Nxd4 Qa5+ 8.
Qd2 Qh5 9. c4 O-O 10. Nc3 Nbd7 11. h3 Rb8 12. Rd1 a6 13. Bf3 Qc5 14. Bg2 Qh5
15. Bf3 Qc5 16. Bg2 Qh5 1/2-1/2

[Event "BL 1516 SK Norderstedt - Bayern Münche"]
[Site "?"]
[Date "2015.12.12"]
[Round "3.2"]
[White "Trent, Lawrence"]
[Black "Gabriel, Christian"]
[Result "1/2-1/2"]
[WhiteElo "2452"]
[BlackElo "2495"]
[PlyCount "46"]
[EventDate "2015.??.??"]

1. e4 e5 2. Nf3 Nc6 3. Bb5 a6 4. Ba4 Nf6 5. O-O Be7 6. d3 b5 7. Bb3 d6 8. a3
O-O 9. Nc3 Bg4 10. Be3 Nd4 11. Bxd4 exd4 12. Nd5 c5 13. a4 Be6 14. Re1 Bxd5 15.
Bxd5 Nxd5 16. exd5 Qd7 17. Nd2 Rae8 18. Qf3 Bd8 19. Rxe8 Rxe8 20. axb5 axb5 21.
g3 g6 22. Qf4 Re5 23. Nf3 Re2 1/2-1/2

[Event "BL 1516 SK Norderstedt - Bayern Münche"]
[Site "?"]
[Date "2015.12.12"]
[Round "3.3"]
[White "Bischoff, Klaus"]
[Black "Bekker-Jensen, Simon"]
[Result "1/2-1/2"]
[WhiteElo "2497"]
[BlackElo "2449"]
[PlyCount "41"]
[EventDate "2015.??.??"]

1. c4 g6 2. d4 Nf6 3. Nf3 Bg7 4. Nc3 d6 5. e4 O-O 6. Be2 Na6 7. O-O e5 8. Re1
c6 9. Bf1 exd4 10. Nxd4 Ng4 11. h3 Qb6 12. hxg4 Qxd4 13. Qf3 Qb6 14. Qe2 Re8
15. Be3 Qc7 16. f3 Nc5 17. Qd2 a5 18. Nd1 a4 19. Rb1 Qa5 20. Qxa5 Rxa5 21. Nf2
1/2-1/2

[Event "BL 1516 SK Norderstedt - Bayern Münche"]
[Site "?"]
[Date "2015.12.12"]
[Round "3.4"]
[White "Kopylov, Michael"]
[Black "Schenk, Andreas"]
[Result "1/2-1/2"]
[WhiteElo "2404"]
[BlackElo "2479"]
[PlyCount "41"]
[EventDate "2015.??.??"]

1. d4 d5 2. c4 e6 3. Nf3 Nf6 4. g3 Bb4+ 5. Nbd2 dxc4 6. Qc2 b5 7. a4 c6 8. Bg2
Bb7 9. O-O Nbd7 10. b3 c3 11. Nb1 bxa4 12. bxa4 c5 13. Nxc3 cxd4 14. Nb5 O-O
15. Qb2 Qe7 16. Qxd4 a6 17. Ba3 Bc5 18. Bxc5 Nxc5 19. Qd6 Nd5 20. Qxe7 Nxe7 21.
Nd6 1/2-1/2

[Event "BL 1516 SK Norderstedt - Bayern Münche"]
[Site "?"]
[Date "2015.12.12"]
[Round "3.5"]
[White "Fedorovsky, Michael"]
[Black "Krause, Benedict"]
[Result "1-0"]
[WhiteElo "2463"]
[BlackElo "2304"]
[PlyCount "51"]
[EventDate "2015.??.??"]

1. d4 Nf6 2. Nf3 g6 3. g3 Bg7 4. Bg2 d5 5. O-O O-O 6. c3 c6 7. Nbd2 Nbd7 8. Re1
Re8 9. e4 e5 10. exd5 Nxd5 11. dxe5 Nxe5 12. Nxe5 Rxe5 13. Rxe5 Bxe5 14. Nf3
Bf6 15. Bh6 Qb6 16. Qd2 Be6 17. Ng5 Nc7 18. Ne4 Be7 19. Rd1 Bd5 20. Qf4 Bxe4
21. Rd7 Ne6 22. Qxe4 Bf8 23. Qf3 f5 24. Qe2 Re8 25. Bxf8 Kxf8 26. Qe5 1-0

[Event "BL 1516 SK Norderstedt - Bayern Münche"]
[Site "?"]
[Date "2015.12.12"]
[Round "3.6"]
[White "Powierski, Emil"]
[Black "Mesaros, Florian"]
[Result "1-0"]
[WhiteElo "2281"]
[BlackElo "2371"]
[PlyCount "85"]
[EventDate "2015.??.??"]

1. e4 c5 2. Nf3 e6 3. d4 cxd4 4. Nxd4 Nc6 5. Nc3 Qc7 6. f4 a6 7. Nxc6 Qxc6 8.
Bd3 Bc5 9. Qe2 b5 10. Bd2 Bb7 11. a3 Ne7 12. O-O-O O-O 13. h4 f6 14. h5 Rf7 15.
g4 Rc8 16. Rh3 Qb6 17. h6 g6 18. f5 Bd4 19. g5 fxg5 20. fxg6 Nxg6 21. Rg3 Rf2
22. Qh5 Rxd2 23. Rxd2 Be3 24. Rxg5 Bxd2+ 25. Kxd2 Qf2+ 26. Ne2 Kf7 27. Rg3 Qc5
28. e5 Rg8 29. b4 Qf2 30. Rg4 Ke7 31. Bxg6 Rxg6 32. Rxg6 hxg6 33. Qg5+ Kf7 34.
h7 Kg7 35. Qe7+ Kh8 36. Qe8+ Kxh7 37. Qxd7+ Kh6 38. Qxb7 Qf5 39. Qh1+ Kg7 40.
Qh2 Qf3 41. Nd4 Qxa3 42. Nxe6+ Kg8 43. Qf4 1-0

[Event "BL 1516 SK Norderstedt - Bayern Münche"]
[Site "?"]
[Date "2015.12.12"]
[Round "3.7"]
[White "Dragnev, Valentin"]
[Black "Michna, Marta"]
[Result "0-1"]
[WhiteElo "2356"]
[BlackElo "2400"]
[PlyCount "72"]
[EventDate "2015.??.??"]

1. e4 e6 2. d4 d5 3. Nd2 Nf6 4. e5 Nfd7 5. Bd3 c5 6. c3 Nc6 7. Ne2 a5 8. O-O
Be7 9. Nf3 cxd4 10. cxd4 Nb6 11. Nf4 g6 12. Nh3 h6 13. Nf4 a4 14. Bd2 Nb4 15.
Bb1 Nc4 16. Bc3 Bd7 17. a3 Nc6 18. Ne1 Qb6 19. Ra2 Rg8 20. Nc2 Na7 21. Bb4 Nc6
22. Bc3 Na7 23. Ne3 Qb3 24. Qe2 Rc8 25. Nexd5 exd5 26. e6 fxe6 27. Nxe6 Nd6 28.
Bb4 Bb5 29. Qe5 Bxf1 30. Bxd6 Qd1 31. Ng7+ Rxg7 32. Bxg6+ Kd7 33. Bf5+ Kc6 34.
Bc2 Rxg2+ 35. Kh1 Rcg8 36. Bxa4+ Qxa4 0-1

[Event "BL 1516 SK Norderstedt - Bayern Münche"]
[Site "?"]
[Date "2015.12.12"]
[Round "3.8"]
[White "Jochens, Arne"]
[Black "Schneider, Stefan"]
[Result "0-1"]
[WhiteElo "2321"]
[BlackElo "2371"]
[PlyCount "114"]
[EventDate "2015.??.??"]

1. c4 e5 2. g3 Nf6 3. Bg2 c6 4. d4 Bb4+ 5. Bd2 Bxd2+ 6. Qxd2 d6 7. dxe5 dxe5 8.
Qxd8+ Kxd8 9. Nf3 Re8 10. Nc3 Kc7 11. b4 Bf5 12. O-O Nbd7 13. Ng5 h6 14. Nge4
Nxe4 15. Nxe4 a5 16. a3 Bxe4 17. Bxe4 Nf6 18. Bg2 Red8 19. e3 Rd2 20. Rfd1 Rad8
21. Rxd2 Rxd2 22. bxa5 Rc2 23. Bf1 Nd7 24. e4 Nc5 25. f4 exf4 26. gxf4 Rc3 27.
e5 Rf3 28. Re1 Rxf4 29. Bh3 Rf3 30. e6 fxe6 31. Bxe6 Kd6 32. Bg8 Rxa3 33. Rd1+
Rd3 34. Rf1 Re3 35. Rf8 Re7 36. Bh7 Ne6 37. Ra8 Nc7 38. Rd8+ Kc5 39. Bg8 Kb4
40. Rd1 Kxa5 41. Rb1 Na6 42. Kf2 g6 43. Kg2 Nc5 44. Rf1 Kb4 45. Rb1+ Kc3 46.
Rc1+ Kd4 47. Rd1+ Nd3 48. Kf3 Kc3 49. Kg3 Re3+ 50. Kg2 Re2+ 51. Kg3 Re3+ 52.
Kg2 Re1 53. Rxe1 Nxe1+ 54. Kg3 Nd3 55. Bh7 Ne5 56. Kf4 Kd4 57. h4 g5+ 0-1

[Event "BL 1516 SG Solingen - Werder Bremen"]
[Site "?"]
[Date "2015.12.12"]
[Round "3.1"]
[White "Fressinet, Laurent"]
[Black "Harikrishna, Pentala"]
[Result "0-1"]
[WhiteElo "2707"]
[BlackElo "2743"]
[PlyCount "88"]
[EventDate "2015.??.??"]

1. c4 Nf6 2. Nc3 e5 3. Nf3 Nc6 4. g3 d5 5. cxd5 Nxd5 6. Bg2 Nb6 7. O-O Be7 8.
d3 O-O 9. a3 Re8 10. b4 Bf8 11. Nd2 Rb8 12. Bb2 Bg4 13. b5 Nd4 14. h3 Bh5 15.
g4 Bg6 16. e3 Ne6 17. Nde4 c6 18. Rb1 Rc8 19. bxc6 bxc6 20. Kh1 Nd5 21. Ne2 h5
22. N2g3 hxg4 23. Qxg4 Nc5 24. Nxc5 Bxc5 25. Ne4 Bf8 26. Qg3 Nf6 27. Rbd1 Nxe4
28. dxe4 Qe7 29. Rd2 Rb8 30. Rfd1 Qe6 31. Bf3 c5 32. Ba1 c4 33. Rd5 Bxa3 34.
Bxe5 Rb3 35. Bd6 Bb2 36. Kh2 Bxe4 37. Bxe4 Qxe4 38. Rc5 Rd3 39. Rb1 Rxd6 40.
Rxb2 Rg6 41. Rg5 Rxg5 42. Qxg5 c3 43. Rb5 Rc8 44. Rc5 Qe6 0-1

[Event "BL 1516 SG Solingen - Werder Bremen"]
[Site "?"]
[Date "2015.12.12"]
[Round "3.2"]
[White "Rapport, Richard"]
[Black "Bluebaum, Matthias"]
[Result "1-0"]
[WhiteElo "2715"]
[BlackElo "2590"]
[PlyCount "89"]
[EventDate "2015.??.??"]

1. e4 e6 2. d4 d5 3. e5 c5 4. c3 Qb6 5. Nf3 Nc6 6. a3 c4 7. Be2 Na5 8. Nbd2 Be7
9. O-O Nh6 10. Qe1 Nf5 11. Bd1 Bd7 12. Bc2 h6 13. Kh1 Qc7 14. Ng1 g5 15. g4 Nh4
16. f4 gxf4 17. Rxf4 f5 18. Ndf3 Nxf3 19. Nxf3 fxg4 20. Nh4 O-O-O 21. Ng6 Rh7
22. Rxg4 Nb3 23. Bxb3 cxb3 24. Bxh6 Be8 25. Qd2 Bxg6 26. Rxg6 Rdh8 27. Rag1 Bf8
28. Bxf8 Qf7 29. Bh6 Rxh6 30. Rxh6 Rxh6 31. Qg2 Rh8 32. Qg4 Kb8 33. h3 a5 34.
Kh2 Ka7 35. Rg2 a4 36. Kg1 Rh6 37. Rf2 Qh7 38. Kh2 Qb1 39. Qe2 Qh7 40. Qe3 Rh4
41. c4 Re4 42. Qd2 Qc7 43. cxd5 exd5 44. Qb4 Qc4 45. Qa5+ 1-0

[Event "BL 1516 SG Solingen - Werder Bremen"]
[Site "?"]
[Date "2015.12.12"]
[Round "3.3"]
[White "Hracek, Zbynek"]
[Black "Ragger, Markus"]
[Result "1/2-1/2"]
[WhiteElo "2596"]
[BlackElo "2687"]
[PlyCount "43"]
[EventDate "2015.??.??"]

1. e4 c5 2. Nf3 d6 3. d4 cxd4 4. Nxd4 Nf6 5. Nc3 a6 6. f3 e5 7. Nb3 Be7 8. Be3
Be6 9. Qd2 O-O 10. O-O-O Nbd7 11. g4 b5 12. g5 b4 13. Ne2 Ne8 14. f4 a5 15. f5
a4 16. fxe6 axb3 17. cxb3 fxe6 18. Ng3 Rf3 19. Kb1 Qa5 20. Bc4 Bxg5 21. a4 Nc5
22. Nf5 1/2-1/2

[Event "BL 1516 SG Solingen - Werder Bremen"]
[Site "?"]
[Date "2015.12.12"]
[Round "3.4"]
[White "L'Ami, Erwin"]
[Black "Nyback, Tomi"]
[Result "1/2-1/2"]
[WhiteElo "2628"]
[BlackElo "2575"]
[PlyCount "149"]
[EventDate "2015.??.??"]

1. d4 d5 2. c4 c6 3. Nc3 Nf6 4. Nf3 dxc4 5. a4 Bf5 6. e3 e6 7. Bxc4 Bb4 8. O-O
Nbd7 9. Qe2 Bg6 10. e4 O-O 11. Bd3 Bh5 12. e5 Nd5 13. Nxd5 cxd5 14. Qe3 Re8 15.
Ng5 Bg6 16. Bxg6 fxg6 17. Qd3 Qb6 18. Be3 Rac8 19. h4 Nf8 20. g3 Rc6 21. Nh3
Rec8 22. Nf4 Rc2 23. Rfc1 Rxc1+ 24. Rxc1 Rxc1+ 25. Bxc1 Qc6 26. Qd1 Be7 27. Nd3
Nd7 28. Be3 Nb8 29. Qg4 Na6 30. Nf4 Nc7 31. b3 Kf7 32. Qd1 Na6 33. h5 g5 34.
Nh3 h6 35. f4 Qc3 36. Kf2 gxf4 37. Nxf4 Nb4 38. Qf3 Qc2+ 39. Kg1 Qe4 40. Kf2
Qxf3+ 41. Kxf3 Nc2 42. Nd3 Bd8 43. Nc5 Nxe3 44. Kxe3 b6 45. Na6 Ke7 46. b4 Kd7
47. b5 Kc8 48. Nb4 Kd7 49. Kd3 Be7 50. Nc2 Bf8 51. Kc3 Kc7 52. Na1 Be7 53. Nb3
Bf8 54. a5 Be7 55. a6 Bf8 56. Nc1 Be7 57. Nd3 Bf8 58. Kd2 Be7 59. Ke2 Bf8 60.
Kf3 Be7 61. g4 Bf8 62. g5 Be7 63. Kg4 Kd7 64. g6 Bf8 65. Kf3 Kc7 66. Ke2 Be7
67. Nf2 Kd7 68. Kd3 Bf8 69. Ng4 Ke7 70. Kc3 Kd7 71. Kb3 Ke7 72. Nf2 Kd7 73. Nd3
Kc7 74. Ka4 Be7 75. Kb3 1/2-1/2

[Event "BL 1516 SG Solingen - Werder Bremen"]
[Site "?"]
[Date "2015.12.12"]
[Round "3.5"]
[White "Babula, Vlastimil"]
[Black "Van Kampen, Robin"]
[Result "0-1"]
[WhiteElo "2566"]
[BlackElo "2615"]
[PlyCount "70"]
[EventDate "2015.??.??"]

1. d4 Nf6 2. c4 g6 3. Nc3 Bg7 4. e4 d6 5. Nf3 O-O 6. Be2 e5 7. O-O Nc6 8. d5
Ne7 9. Qc2 Ne8 10. Rd1 Kh8 11. Rb1 f5 12. Ng5 h6 13. Ne6 Bxe6 14. dxe6 Qc8 15.
Qb3 b6 16. c5 bxc5 17. Bc4 Rb8 18. Qa3 Rb4 19. b3 fxe4 20. Nxe4 Qb7 21. Nc3 e4
22. Bd2 Bd4 23. Ne2 Bxf2+ 24. Kh1 d5 25. Bxh6 Rf5 26. Ba6 Qc6 27. Bd2 Rb6 28.
b4 Qxe6 29. bxc5 Rxa6 30. Qh3+ Kg8 31. Bc3 Rf6 32. Rb8 Qxh3 33. Rxe8+ Kf7 34.
Rxe7+ Kxe7 35. gxh3 Rf5 0-1

[Event "BL 1516 SG Solingen - Werder Bremen"]
[Site "?"]
[Date "2015.12.12"]
[Round "3.6"]
[White "Smeets, Jan"]
[Black "Smerdon, David"]
[Result "1-0"]
[WhiteElo "2597"]
[BlackElo "2525"]
[PlyCount "63"]
[EventDate "2015.??.??"]

1. e4 c5 2. Nf3 g6 3. c4 Bg7 4. d4 cxd4 5. Nxd4 Nc6 6. Be3 Nf6 7. Nc3 d6 8. Be2
O-O 9. O-O Nxd4 10. Bxd4 Bd7 11. Qd2 Bc6 12. f3 Nd7 13. Be3 a5 14. b3 Nc5 15.
Rac1 Be5 16. Rfd1 e6 17. Qe1 Qe7 18. Bf1 f5 19. exf5 Rxf5 20. Ne2 Raf8 21. Bd4
Qg5 22. Ng3 Bxf3 23. gxf3 Rxf3 24. Bg2 Rxg3 25. hxg3 Bxg3 26. Qe2 Qh4 27. Bf3
Bf4 28. Rc2 Rf5 29. Bxc5 Rg5+ 30. Kf1 dxc5 31. Qxe6+ Kg7 32. Qe7+ 1-0

[Event "BL 1516 SG Solingen - Werder Bremen"]
[Site "?"]
[Date "2015.12.12"]
[Round "3.7"]
[White "Fish, Gennadij"]
[Black "Sandipan, Chanda"]
[Result "1/2-1/2"]
[WhiteElo "2458"]
[BlackElo "2582"]
[PlyCount "60"]
[EventDate "2015.??.??"]

1. d4 d5 2. c4 c6 3. Nf3 Nf6 4. Qc2 dxc4 5. Qxc4 Bg4 6. Nbd2 e6 7. g3 Nbd7 8.
Bg2 Be7 9. O-O O-O 10. b3 a5 11. a3 Rc8 12. Bb2 b5 13. Qc2 c5 14. Rfc1 cxd4 15.
Qxc8 Qxc8 16. Rxc8 Rxc8 17. Nxd4 e5 18. Nc6 Bd6 19. Rc1 Nb6 20. e3 a4 21. bxa4
Nxa4 22. Bxe5 Bxa3 23. Rb1 Bd7 24. Rxb5 Rxc6 25. Bxc6 Bxc6 26. Rb8+ Bf8 27. Bd6
Ne8 28. Bxf8 Kxf8 29. e4 Nc5 30. f3 Nd7 1/2-1/2

[Event "BL 1516 SG Solingen - Werder Bremen"]
[Site "?"]
[Date "2015.12.12"]
[Round "3.8"]
[White "Nikolic, Predrag"]
[Black "Meins, Gerlef"]
[Result "1-0"]
[WhiteElo "2620"]
[BlackElo "2428"]
[PlyCount "163"]
[EventDate "2015.??.??"]

1. d4 Nf6 2. c4 e6 3. Nf3 b6 4. g3 Bb7 5. Bg2 Bb4+ 6. Bd2 Bxd2+ 7. Qxd2 O-O 8.
Nc3 d5 9. cxd5 Nxd5 10. Rc1 Nd7 11. O-O Nxc3 12. Qxc3 c5 13. dxc5 Nxc5 14. Rfd1
Qe7 15. b4 Na6 16. a3 Rac8 17. Qd3 Rxc1 18. Rxc1 Rd8 19. Qc3 h6 20. Ne5 Rc8 21.
Qd2 Rxc1+ 22. Qxc1 Nb8 23. Qf4 Bxg2 24. Kxg2 Qb7+ 25. f3 Qc7 26. Qe4 Nd7 27.
Nd3 Nf6 28. Qd4 Nd5 29. h4 Qc3 30. Qxc3 Nxc3 31. Kf2 Kf8 32. Ke3 a5 33. bxa5
bxa5 34. Ne5 a4 35. Nc4 Nb5 36. Kd3 Ke7 37. e4 f5 38. h5 Kf6 39. f4 g5 40. e5+
Kg7 41. Nd6 Nc7 42. Kc4 gxf4 43. gxf4 Nd5 44. Nxf5+ Kf8 45. Nxh6 Nxf4 46. Kb5
Nxh5 47. Kxa4 Ke7 48. Kb5 Kd7 49. Kb6 Nf4 50. a4 Nd3 51. Nf7 Kc8 52. Nd6+ Kb8
53. Nc4 Nf4 54. Kc6 Ka7 55. Nd2 Nd3 56. Kd6 Ka6 57. Nb3 Nf4 58. Nc5+ Kb6 59.
Nxe6 Ng6 60. Kd5 Ne7+ 61. Kd4 Nc6+ 62. Ke4 Ka5 63. Nc5 Kb4 64. Nd3+ Kxa4 65. e6
Kb5 66. Kd5 Kb6 67. Ne5 Ne7+ 68. Kd6 Nf5+ 69. Kd7 Kc5 70. Ng6 Ne3 71. Nf4 Nf5
72. Ng2 Kd4 73. Nh4 Nh6 74. Kd6 Ng8 75. Nf5+ Ke4 76. Ne7 Nh6 77. Kd7 Ng4 78.
Nc6 Nf6+ 79. Ke7 Nh7 80. Kd8 Kd5 81. e7 Nf6 82. Nb8 1-0

[Event "BL 1516 SG Turm Trier - Turm Emsdetten"]
[Site "?"]
[Date "2015.12.12"]
[Round "3.1"]
[White "Grandelius, Nils"]
[Black "Erdos, Viktor"]
[Result "1/2-1/2"]
[WhiteElo "2632"]
[BlackElo "2615"]
[PlyCount "66"]
[EventDate "2015.??.??"]

1. e4 c5 2. Nf3 a6 3. g3 b5 4. Bg2 Bb7 5. Qe2 d6 6. d4 cxd4 7. Nxd4 e5 8. Nb3
Nf6 9. a4 b4 10. a5 Be7 11. O-O O-O 12. c3 Bc6 13. Rd1 Qc8 14. cxb4 Qb7 15. Nc3
Qxb4 16. Nd2 Nbd7 17. Nc4 Nc5 18. Nb6 Nb3 19. Ra3 Nd4 20. Qd3 Ra7 21. Be3 Qxb2
22. Nc4 Qb8 23. Bxd4 exd4 24. Qxd4 Rd8 25. Raa1 Rb7 26. Nb6 Nd7 27. Ncd5 Bxd5
28. Nxd5 Bf8 29. Qc4 Qa7 30. Ra2 Rdb8 31. Bf1 Rb2 32. Rxb2 Rxb2 33. Qd4 Qxd4
1/2-1/2

[Event "BL 1516 SG Turm Trier - Turm Emsdetten"]
[Site "?"]
[Date "2015.12.12"]
[Round "3.2"]
[White "Lupulescu, Constantin"]
[Black "Ipatov, Alexander"]
[Result "1/2-1/2"]
[WhiteElo "2627"]
[BlackElo "2619"]
[PlyCount "58"]
[EventDate "2015.??.??"]

1. d4 Nf6 2. c4 g6 3. Nc3 d5 4. cxd5 Nxd5 5. e4 Nxc3 6. bxc3 Bg7 7. Be3 c5 8.
Rc1 Qa5 9. Qd2 cxd4 10. cxd4 Qxd2+ 11. Bxd2 O-O 12. Nf3 Bg4 13. Be3 Bxf3 14.
gxf3 Nc6 15. d5 Nd4 16. Bh3 f5 17. exf5 Nxf5 18. Ke2 Be5 19. f4 Bd6 20. Rb1 b6
21. Rhc1 Rf6 22. Rc4 Raf8 23. Ra4 Bb8 24. Rc1 Rd8 25. Bg2 e6 26. Rc6 Kf7 27.
dxe6+ Rxe6 28. Rxe6 Kxe6 29. Rc4 Bd6 1/2-1/2

[Event "BL 1516 SG Turm Trier - Turm Emsdetten"]
[Site "?"]
[Date "2015.12.12"]
[Round "3.3"]
[White "Mchedlishvili, Mikheil"]
[Black "Parligras, Mircea-Emilian"]
[Result "0-1"]
[WhiteElo "2635"]
[BlackElo "2586"]
[PlyCount "64"]
[EventDate "2015.??.??"]

1. d4 Nf6 2. c4 e6 3. g3 d5 4. Nf3 Bb4+ 5. Bd2 Be7 6. Bg2 c6 7. Qc2 O-O 8. O-O
Nbd7 9. Rd1 b6 10. Bf4 Ba6 11. Ne5 Rc8 12. cxd5 Nxd5 13. Nc3 Nxe5 14. Bxe5 f6
15. Bf4 Nxf4 16. gxf4 f5 17. e3 Bb7 18. Rac1 Rf6 19. Qa4 Rg6 20. Ne2 a5 21. Ng3
h5 22. Nxh5 Rxg2+ 23. Kxg2 Qe8 24. Qb3 Qxh5 25. Qxe6+ Kf8 26. Qd7 Ba6 27. Rg1
c5 28. dxc5 Rd8 29. Qe6 Qg4+ 30. Kh1 Bb7+ 31. c6 Qf3+ 32. Rg2 Rd1+ 0-1

[Event "BL 1516 SG Turm Trier - Turm Emsdetten"]
[Site "?"]
[Date "2015.12.12"]
[Round "3.4"]
[White "Jaracz, Pawel"]
[Black "Yilmaz, Mustafa"]
[Result "1/2-1/2"]
[WhiteElo "2497"]
[BlackElo "2593"]
[PlyCount "40"]
[EventDate "2015.??.??"]

1. c4 e5 2. g3 Nc6 3. Bg2 g6 4. Nc3 Bg7 5. e4 d6 6. Nge2 f5 7. d3 Nf6 8. O-O
O-O 9. Nd5 Be6 10. h3 Qd7 11. Kh2 Rae8 12. Be3 Nd8 13. Rc1 Kh8 14. Qd2 c5 15.
Nxf6 Bxf6 16. exf5 gxf5 17. f4 b6 18. b4 Rg8 19. bxc5 bxc5 20. Rf2 Nc6 1/2-1/2

[Event "BL 1516 SG Turm Trier - Turm Emsdetten"]
[Site "?"]
[Date "2015.12.12"]
[Round "3.5"]
[White "Pruijssers, Roeland"]
[Black "Cyborowski, Lukasz"]
[Result "1/2-1/2"]
[WhiteElo "2489"]
[BlackElo "2517"]
[PlyCount "48"]
[EventDate "2015.??.??"]

1. e4 e5 2. Nf3 Nf6 3. Nxe5 d6 4. Nf3 Nxe4 5. d4 d5 6. Bd3 Be7 7. O-O Nc6 8. c4
Nb4 9. Be2 Bf5 10. Nc3 O-O 11. a3 Nxc3 12. bxc3 Nc6 13. cxd5 Qxd5 14. Re1 Rfe8
15. Bf4 Rac8 16. c4 Qe4 17. Be3 Qc2 18. d5 Na5 19. Nd4 Qxd1 20. Raxd1 Bd7 21.
Bd2 b6 22. Bxa5 bxa5 23. Rd3 Rb8 24. Kf1 Kf8 1/2-1/2

[Event "BL 1516 SG Turm Trier - Turm Emsdetten"]
[Site "?"]
[Date "2015.12.12"]
[Round "3.6"]
[White "Bobras, Piotr"]
[Black "Fiebig, Thomas"]
[Result "1/2-1/2"]
[WhiteElo "2520"]
[BlackElo "2424"]
[PlyCount "55"]
[EventDate "2015.??.??"]

1. e4 e6 2. d4 d5 3. Nc3 Nf6 4. e5 Nfd7 5. f4 c5 6. Nf3 Be7 7. Ne2 cxd4 8.
Nexd4 Nc6 9. c3 Nc5 10. Be2 Bd7 11. Be3 a6 12. O-O O-O 13. Kh1 b5 14. Nxc6 Bxc6
15. f5 Ne4 16. Nd4 Bd7 17. Bd3 Bg5 18. fxe6 Bxe3 19. Bxe4 dxe4 20. exd7 Qxd7
21. Nf5 Qxd1 22. Raxd1 Bg5 23. h4 Bd8 24. Rf4 g6 25. Ne3 Bc7 26. Rxe4 Rae8 27.
Nd5 Rxe5 28. Rxe5 1/2-1/2